| 000 | 00832nam a2200265Ia 4500 | ||
|---|---|---|---|
| 003 | OSt | ||
| 005 | 20221005092126.0 | ||
| 006 | a|||||r|||| 00| 0 | ||
| 007 | ta | ||
| 008 | 221004b |||||||| |||| 00| 0 eng d | ||
| 020 |
_a9780415879477 (hbk) _c5836.80 |
||
| 024 | _a107339 | ||
| 037 |
_b1152, 17/03/2011, Pioneer Books Distributors _cTextual |
||
| 040 |
_aCRL _cCRL _beng |
||
| 041 |
_2eng _aeng |
||
| 082 | _aR34, Q1 | ||
| 100 |
_aHuoranszki Ferenc _9616925 |
||
| 245 | 0 |
_aFreedom of the will _b Conditional analysis |
|
| 260 |
_aNew York _bRoutledge Taylor & Francis USA _c2011 |
||
| 300 |
_ax,208p. _ccm. |
||
| 490 | _aRoutledge studies in metaphysics | ||
| 650 | _aPHILOSOPHY | ||
| 942 |
_hR34, Q1 _cTEXL _2cc |
||
| 999 |
_c998394 _d998394 |
||